• 首页
  • 本馆介绍
  • 公告通知
  • 最新文献
  • 馆藏检索
  • 电子资源
  • 读者导购
  • 参考咨询
  • 我的图书馆
  • 登录
  • 详细信息显示
  • 放入我的书架
  • 预约/预借图书
  • 作者相关作品
  • 分类相关作品
  • 丛书相关作品
  • 出版社相关作品

书目信息

  • 表格格式
  • 工作单格式
  • 卡片格式
题名:
数据库
    
 
作者: ;中国科学院技术情报研究所 编辑
分册:  
出版信息: 北京   科学技术文献出版社  1980
页数: 71页
开本: 21cm
丛书名:
单 册:
中图分类: TP392
科图分类:
主题词: 计算机应用
电子资源:
ISBN:
000 00727nam0 2200253 45
001 0180006301
005 20040519175344.2
010    @dCNY0.30
091    @a17176.260
100    @a19950706d1980 em y0chiy0121 ea
101 0  @achi
102    @aCN@b110000
105    @ay z 000yy
106    @ar
200 10 @a数据库@Ashu ju ku@f中国科学院技术情报研究所编辑
210    @a北京@c科学技术文献出版社@d1980
215    @a71页@d21cm
300    @a自动化情报和联机系统培训班教材之四
606 0  @a计算机应用
690    @aTP392
711 02 @a中国科学院技术情报研究所@Azhong guo ke xue yuan ji shu qing bao yan jiu suo@4编辑
801  0 @aCN@b上海图书馆@c20040519
801  2 @aCN@bNLC@c20040519
905    @f4@b35166-169@dTP392@e10
    
    数据库/中国科学院技术情报研究所编辑.-北京:科学技术文献出版社,1980
    71页;21cm
    自动化情报和联机系统培训班教材之四
    
    ISBN :CNY0.30
    
●
相关链接 在E读中查询图书 在五车中查询图书 在当当中查询图书 在豆瓣中查询图书


正题名:数据库     索取号:TP392/10         预约/预借

序号 登录号 条形码 馆藏地/架位号 状态 备注
1 0035166   001642486   密集书库/ [索取号:TP392/10] 在馆    
2 0035167   001642422   密集书库/ [索取号:TP392/10] 在馆    
3 0035168   001642459   密集书库/ [索取号:TP392/10] 在馆    
4 0035169   001642468   密集书库/ [索取号:TP392/10] 在馆    
5 0035170   001642271   第二样本阅览室/ [索取号:TP392/10] 在馆    
唐山师范学院图书馆 欢迎您!
大连网信软件有限公司© 版权所有